01436nam a2200337 a 4500001001000000003000500010005001700015008004100032010001100073011001100084040000900095090001000104100004800114245016500162260004100327500006000368502007000428590004000498590004000538650003200578650004700610650003200657650003100689856007000720901000700790942001000797942000600807999001900813952013100832952013500963000114633CHAP20220329144450.0180313s2017 mx |sm |||||||spa d a111094 a112066 cCHAP aTesis1 aHernández Rosales, Wilber Artemio912634610aEvaluación del desarrollo de tres especies silvestres de dalia (D. merckii, D. sherffii y D. dissecta.)h[En línea]cpor Wilber Artemio Hernández Rosales. aChapingo, Méx. :bEl autor,c2017. aPara ver el contenido del material haga clic en la liga aTesis (M. C. en Horticultura) -- UACH. Departamento de Fitotecnia aE6337LMJb05c20180313lUCH01h1055 aE6337LMJb05c20180313lUCH01h105514aDaliaxCrecimiento.913039014aDaliaxFisiología y morfología.93094614aDaliaxFloración.913047114aDaliaxVariedades.9134842 aFinding aiduhttp://10.13.5.2/tesis/sist114633.pdfzTeclea aquí aBK cTESIS n0 c111094d111094 00104054718TESISaBCbBCd2018-03-13fTESISl0oTesisp114634-10r2019-12-31 00:00:00w2019-12-31yTESISzRecien adquirido 00102local4053708TESISaBCbBCcPA_TESISd2018-03-13fTESISl0oTesisp114634-20r2019-12-31 00:00:00tc.2w2019-12-31yTESIS